000
00303nam a22001337a 4500
008
170606b xxu||||| |||| 00| 0 eng d
020
_a
0521277604
041
_a
eng
080
_a
338
100
_a
18
101
_a
SHP
245
_a
THE POLITICS OF THE WORLD-ECONOMY
_c
WALLERSTEIN,I
942
_2
udc
_c
BK
999
_c
16177
_d
16177